La novela de Federico Gamboa / (Record no. 80804)

MARC details
000 -LEADER
campo de control de longitud fija 00545nam a2200193 i 4500
001 - NÚMERO DE CONTROL
campo de control 80804
003 - IDENTIFICADOR DE NÚMERO DE CONTROL
campo de control ES-MaACL
005 - FECHA Y HORA DE LA ÚLTIMA TRANSACCIÓN
campo de control 20230906174313.0
007 - CAMPO FIJO DE DESCRIPCIÓN FÍSICA--INFORMACIÓN GENERAL
campo de control de longitud fija t|
008 - DATOS DE LONGITUD FIJA--INFORMACIÓN GENERAL
campo de control de longitud fija 041029s1973 sp ||||1| spa d
100 1# - ENTRADA PRINCIPAL--NOMBRE DE PERSONA
Nombre de persona Hooker, Alexander C.
9 (RLIN) 64149
245 13 - MENCIÓN DEL TÍTULO
Título La novela de Federico Gamboa /
Mención de responsabilidad, etc. Alexander C. Hooker.
260 ## - PUBLICACIÓN, DISTRIBUCIÓN, ETC.
Lugar de publicación, distribución, etc. Madrid :
Nombre del editor, distribuidor, etc. Playor,
Fecha de publicación, distribución, etc. [1973]
300 ## - DESCRIPCIÓN FÍSICA
Extensión 130 p. ;
Dimensiones 21 cm.
490 1# - MENCIÓN DE SERIE
Mención de serie Plaza Mayor Scholar ;
Designación de volumen o secuencia 6
830 0# - PUNTO DE ACCESO ADICIONAL DE SERIE-TÍTULO UNIFORME
Título uniforme Plaza Mayor Scholar ;
Designación de volumen o secuencia 6
9 (RLIN) 181264
852 ## - LOCALIZACIÓN
Ubicación ES-MaACL
Número de control de estantería C-51945
Sublocalización o colección R.85733
Holdings
Estatus retirado Estado de pérdida Estado de daño No para préstamo Biblioteca de origen Biblioteca actual Ubicación en estantería Fecha de adquisición Fuente de adquisición Total de préstamos Signatura topográfica completa Código de barras Visto por última vez Precio de reemplazo Tipo de ítem Koha
        Biblioteca del Ateneo de Madrid Biblioteca del Ateneo de Madrid Depósito 2 17/01/2008     C-51945 1084479 23/02/2023 23/02/2023 Libro impreso